| 000 | 00844nam a2200253Ia 4500 | ||
|---|---|---|---|
| 999 |
_c50878 _d50878 |
||
| 001 | 17833 | ||
| 003 | GE_BSU | ||
| 005 | 20200226112811.0 | ||
| 008 | 181216s2005en xx |||||||||||||| ||eng|| | ||
| 020 | _a9780582825093 | ||
| 040 | _cGE_BSU | ||
| 041 | _aeng | ||
| 080 | _a811.111(075.8) C-94 | ||
| 245 |
_aCutting EDGE. New. Pre-Intermediate. Students book : _bPre-Intermediate. Students book. with mini-dictionary / _cSarah Cunningham ; Peter Moor ; with Jane Comyns Carr . |
||
| 264 |
_aEdinburg : _bPearson Longman, _c2005. |
||
| 300 |
_a174 p.: _b ill ; _c28 cm. |
||
| 653 | _aCutting EDGE | ||
| 653 | _aPre-Intermediate. Students book | ||
| 653 | _aინგლისური ენა | ||
| 700 |
_aCunningham, Sarah _91654 |
||
| 700 |
_aMoor, Peter _91658 |
||
| 700 |
_aCarr, Jane Comyns _91637 |
||
| 942 |
_cBK _2udc |
||